El Homenaje de Villanueva y Geltrú a la memoria del poeta Manuel Cabanyes
Descripción Física:
Il·lustracions
Colección:
San Jorge,
; núm. 13 (gener 1954), pàg 93-95
Otros Autores:
Ferrer i Pi, Antoni
Materias:
Cabanyes, Manuel de, -- 1808-1833
Idioma:
Español
MARC
| LEADER | 00000naa a2200000 a 4500 | ||
|---|---|---|---|
| 003 | Arxiu | ||
| 005 | 20260324181042.0 | ||
| 008 | 160829s1954 spcaxx s spa c | ||
| 040 | |a agdb | ||
| 245 | 0 | 3 | |a El Homenaje de Villanueva y Geltrú a la memoria del poeta Manuel Cabanyes |
| 300 | |b Il·lustracions | ||
| 490 | |a San Jorge, |v núm. 13 (gener 1954), pàg 93-95 | ||
| 505 | |a Conté: Palabras del ilustrísimo señor Alcalde de La Granada -- Palabras del ilustrísimo señor Alcalde de Villanueva y Geltrú -- Discurso del Gobernador civil | ||
| 600 | 1 | 0 | |9 54885 |a Cabanyes, Manuel de, |d 1808-1833 |
| 700 | 1 | |9 54897 |a Ferrer i Pi, Antoni |e autor | |
| 710 | 1 | |9 54896 |a Barcelona (Catalunya : Província). |b Governador Civil (1951-1960 : Acedo Colunga) |e autor | |
| 773 | |g Núm. 13 (gener 1954), pàg 93-95 |t San Jorge. | ||
| 901 | |a Arxiu | ||
| 942 | |n 1 |2 udc |c ART | ||
| 952 | |0 0 |1 0 |4 0 |6 REV509 |7 1 |9 64754 |a Arxiu |b Arxiu |d 2022-12-13 |l 0 |o Rev-509 |r 2022-12-13 00:00:00 |w 2022-12-13 |y ARXIU |z També disponible a Rev-523 | ||
| 999 | |c 49851 |d 49851 | ||